Geld-magazin Österreichs führendes Finanzmagazin

Uložené v:
Podrobná bibliografia
Médium: Seriál
Jazyk:German
Vydavateľské údaje: Wien 4profit Verlag 2008
Predmet:
Tagy: Pridať tag
Žiadne tagy, Buďte prvý, kto otaguje tento záznam!

MARC

LEADER 00000nas2a2200000 4500
001 0147713
005 20120213110157.4
041 0 |a ger 
044 |a AT 
245 1 0 |a Geld-magazin  |b Österreichs führendes Finanzmagazin 
264 1 |a Wien  |b 4profit Verlag  |c 2008 
773 0 |w eu_un_cat*0066711 
610 2 0 |a trh finančný 
610 2 0 |a trh peňažný 
610 2 0 |a peniaze 
610 2 0 |a trh kapitálový 
610 2 0 |a Rakúsko